La linterna mágica (Record no. 47935)

MARC details
000 -LEADER
campo de control de longitud fija 00685nam a22001695i 4500
001 - NÚMERO DE CONTROL
campo de control 47935
003 - IDENTIFICADOR DE NÚMERO DE CONTROL
campo de control ES-MaACL
007 - CAMPO FIJO DE DESCRIPCIÓN FÍSICA--INFORMACIÓN GENERAL
campo de control de longitud fija t|
008 - DATOS DE LONGITUD FIJA--INFORMACIÓN GENERAL
campo de control de longitud fija 981118m18901892sp ||||1| spa d
040 ## - FUENTE DE CATALOGACIÓN
Centro catalogador/agencia de origen CAM
Lengua de catalogación spa
Centro/agencia transcriptor CCPB
100 1# - ENTRADA PRINCIPAL--NOMBRE DE PERSONA
Nombre de persona Cuéllar, José T. de.
9 (RLIN) 41976
245 13 - MENCIÓN DEL TÍTULO
Título La linterna mágica
Resto del título : colección de novelas de costumbres mexicanas, artículos y poesías /
Mención de responsabilidad, etc. de facundo.
260 ## - PUBLICACIÓN, DISTRIBUCIÓN, ETC.
Lugar de publicación, distribución, etc. Barcelona :
Nombre del editor, distribuidor, etc. [s.n.],
Fecha de publicación, distribución, etc. 1890-1892 (
Fabricante Hermenegildo Miralles)
300 ## - DESCRIPCIÓN FÍSICA
Extensión v.<3, 5-7> ;
Dimensiones 18 cm.
505 8# - NOTA DE CONTENIDO CON FORMATO
Nota de contenido con formato Contiene: v. 3: Ensalada de pollos : novela de estos tiempos que corren -- v. 5-6: Historia de Chucho el Ninfo -- v. 7: Los Fuereños y la Noche Buena
852 ## - LOCALIZACIÓN
Ubicación ES-MaACL
Número de control de estantería G-13898-901
Holdings
Estatus retirado Estado de pérdida Estado de daño No para préstamo Colección Biblioteca de origen Biblioteca actual Ubicación en estantería Fecha de adquisición Fuente de adquisición Total de préstamos Signatura topográfica completa Código de barras Visto por última vez Precio de reemplazo Tipo de ítem Koha
        Libros del s. XIX Biblioteca del Ateneo de Madrid Biblioteca del Ateneo de Madrid Sala Pecera Planta 3 17/01/2008     G-13898-901 1050447 23/02/2023 23/02/2023 Libro impreso antiguo